000 00676cam a2200229 4500500
005 20260329005216.0
041 _afre
042 _adc
100 1 0 _aDurand, Jean-Marie
_eauthor
245 0 0 _aJ’y pense et puis je lis / Novembre 2022
260 _c2022.
500 _a51
690 _aAngoisse
690 _aConseils
690 _aCrise existentielle
690 _aInquiétude
690 _aJean-Marie Durand
690 _aJeunesse
690 _aMaturité
786 0 _nPhilosophie magazine | 164 | 11 | 2022-11-01 | p. 52-52 | 1951-1787
856 4 1 _uhttps://shs.cairn.info/magazine-philosophie-magazine-2022-11-page-52?lang=fr&redirect-ssocas=7080
999 _c1841341
_d1841341